000
00338nam a2200145Ia 4500
008
191201s2011 xx 000 0 und d
082
_a
658
_b
KOE
100
_a
KOONTZ, Harold
245
0
_a
Essentials of Management
250
_a
Print
260
_a
N.Delhi
_b
Tata mc Graw Hill
_c
2011
300
_a
500
650
_a
MBA
942
_2
ddc
_c
BK
999
_c
5347
_d
5347